| 000 | 00766nam a22002537a 4500 | ||
|---|---|---|---|
| 003 | DO-SdBPM | ||
| 005 | 20250805112034.0 | ||
| 007 | ta | ||
| 008 | 171123b2011 sp| |||| 00| 0 spa d | ||
| 020 | _a9788492796229 | ||
| 040 |
_aDO-SdBPM _bspa _cBPMSU _erda |
||
| 082 | 4 |
_a747 _bB874d 2011 _222 |
|
| 100 | 1 |
_aBroto, Carles _eautor |
|
| 245 | 1 |
_aDiseño de stands / _cCarles Broto ; traducción de Clara Sola Morales |
|
| 260 | _a | ||
| 264 |
_aBarcelona: _bOcéano, _c2011 |
||
| 300 |
_a299 páginas : _bilustraciones ; _c29 cm. |
||
| 590 | _aInventariado, 2025/VM | ||
| 650 | 7 | _aDecoración de interiores | |
| 650 | 7 |
_aFerias _xDiseño decorativo |
|
| 700 | 1 |
_aSola Morales, Clara _ttraductor |
|
| 910 | _aVMateo V. Control de calidad. BPMSU | ||
| 942 |
_2ddc _cBK |
||
| 999 |
_c13038 _d13038 |
||